Bandera de Americana Aleatoria al País - Estadísticas

Estadísticas generales
  • Esta prueba ha sido intentada 6.040 veces
  • La puntuación promedio es 7 de 8
Estadísticas de respuestas
Imagen Respuesta % Correcto
Canadá
99%
Argentina
98%
Brasil
98%
Estados Unidos
98%
Jamaica
98%
Colombia
97%
México
97%
Uruguay
97%
Chile
96%
Perú
96%
Venezuela
96%
Cuba
95%
Ecuador
95%
Panamá
95%
Honduras
94%
República Dominicana
92%
Costa Rica
91%
El Salvador
91%
Barbados
89%
Nicaragua
89%
Guatemala
88%
Paraguay
88%
Bolivia
86%
Haití
84%
Trinidad y Tobago
83%
Bahamas
81%
Antigua y Barbuda
78%
Belice
78%
Santa Lucía
78%
Guyana
77%
Dominica
75%
Granada
75%
Surinam
75%
San Vicente y las Granadinas
67%
San Cristóbal y Nieves
61%
No se encontraron pruebas coincidentes
Distribución de puntuación
Porcentaje de gente con cada puntuación
Porcentaje por número respondido
Historial de tus puntuaciones
No has intentado esta prueba.